00446nam a2200145Ia 450000500170000000800410001702000180005808200180007610000160009424500270011026000240013730000140016150001170017565000080029220250714155853.0250714s9999 xx 000 0 und d a9781847249982 a940.2745bWIL aWillis, Sam 4aThe Fighting Temeraire bQuercus Booksc2009 a384 pages aWillis tells the extraordinary story of the mighty "Temeraire," the ship behind J.M.W. Turner's iconic painting. aArt